000 00402nam a22001577a 4500
999 _c3287
_d3287
008 200326b ||||| |||| 00| 0 eng d
020 _a0333109287
082 0 0 _a620.112
_bR9923
100 _9690
_aRyder, G. H.
245 1 0 _aStrength of materials /
_cby G. H. Ryder
250 _a3rd ed.
260 _aLondon
_bMcmillan
_c1982
300 _axii, 340 p.
650 0 _aStrength of Materials
942 _cBK